Vainqueurs de la Coupe d'Allemagne de football - Mort subite - Statistiques

Statistiques générales
  • Ce quiz a été pris 318 fois
    54 depuis la dernière actualisation
  • Le résultat moyen est 7 sur 26
Answers on the Grid
Answers color-coded by a green-red scale on the quiz's grid according to % correct below.
1. FC Cologne
1. FC Kaiserslautern
1. FC Nuremberg
Bayer 04 Leverkusen
Bayern Munich
Borussia Dortmund
Dresdner SC
Eintracht Brunswick
Eintracht Francfort
FC Heidenheim
FC Magdebourg
FC Schalke 04
Borussia Mönchengladbach
FC St. Pauli
FC Vienna
Fortuna Düsseldorf
FSV Mayence
Hambourg SV
Hanovre 96
Holstein Kiel
Karlsruher SC
KFC Uerdingen 05
Kickers Offenbach
Rapid Vienne
RB Leipzig
Rot-Weiss Essen
SC Fribourg
SC Paderborn
Schwarz-Weiss Essen
SV Darmstadt
SV Elversberg
TSG Hoffenheim
TSV 1860 Munich
Union Berlin
VfB Leipzig
VfB Stuttgart
VfL Bochum
VfL Wolfsburg
Werder Brême
 
Statistiques - réponses
Réponse % Correct
Borussia Dortmund
67%
Bayern Munich
63%
VfB Stuttgart
60%
Bayer 04 Leverkusen
57%
Borussia Mönchengladbach
50%
Hambourg SV
50%
Eintracht Francfort
47%
FC Schalke 04
43%
Werder Brême
43%
RB Leipzig
40%
1. FC Cologne
37%
Hanovre 96
27%
VfB Leipzig
27%
VfL Wolfsburg
27%
1. FC Kaiserslautern
20%
Fortuna Düsseldorf
13%
TSV 1860 Munich
13%
1. FC Nuremberg
10%
Rapid Vienne
7%
FC Vienna
3%
Karlsruher SC
3%
Dresdner SC
0%
KFC Uerdingen 05
0%
Kickers Offenbach
0%
Rot-Weiss Essen
0%
Schwarz-Weiss Essen
0%
Aucun quiz correspondant
Distribution des résultats
% des personnes avec chaque résultat
Percentile par nombre de réponses
Votre historique - résultats
Vous n’avez pas pris ce quiz depuis la dernière actualisation